[Event "SLO-chT 31st"]
[Site "Ljubljana"]
[Date "2021.09.11"]
[Round "2.5"]
[White "Slibar, Matjaz"]
[Black "Okorn, Nejc"]
[Result "1-0"]
[WhiteElo "2166"]
[BlackElo "1858"]
[PlyCount "45"]
[EventDate "2021.09.10"]
[EventType "team-tourn"]
[EventRounds "9"]
[EventCountry "SLO"]
[SourceTitle "CBM 204 Extra"]
[Source "ChessBase"]
[SourceDate "2021.11.30"]
[SourceVersion "1"]
[SourceVersionDate "2021.11.30"]
[SourceQuality "1"]
[WhiteTeam "Kranj Tomo Zupan"]
[BlackTeam "Vrhnika"]
[WhiteTeamCountry "SLO"]
[BlackTeamCountry "SLO"]

1. e4 e5 2. Nf3 d6 3. d4 Nd7 4. Nc3 Ngf6 5. Bc4 Be7 6. 0-0 0-0 7. h3 c6 8. a4 b6 9. Qe2 Bb7 10. Rd1 Qc7 11. dxe5 dxe5 12. Nh4 Rfe8 13. g4 Nc5 14. g5 Nfd7 15. Qh5 g6 16. Nxg6 Ne6 17. Rxd7 Qxd7 18. Nxe5 Qd4 19. Qxf7+ Kh8 20. Qxe6 Bc8 21. Qxc6 Bxh3 22. Nf7+ Kg7 23. Be3 1-0

[Event "SLO-chT 31st"]
[Site "Ljubljana"]
[Date "2021.09.10"]
[Round "1.1"]
[White "Okorn, Nejc"]
[Black "Opara, Jan"]
[Result "0-1"]
[WhiteElo "1858"]
[BlackElo "1988"]
[PlyCount "80"]
[EventDate "2021.09.10"]
[EventType "team-tourn"]
[EventRounds "9"]
[EventCountry "SLO"]
[SourceTitle "CBM 204 Extra"]
[Source "ChessBase"]
[SourceDate "2021.11.30"]
[SourceVersion "1"]
[SourceVersionDate "2021.11.30"]
[SourceQuality "1"]
[WhiteTeam "Vrhnika"]
[BlackTeam "Trebnje BMP"]
[WhiteTeamCountry "SLO"]
[BlackTeamCountry "SLO"]

1. e4 e5 2. Nf3 Nc6 3. d4 exd4 4. Nxd4 Nf6 5. Nxc6 bxc6 6. e5 Qe7 7. Qe2 Nd5 8. c4 Nb6 9. Nc3 Qe6 10. a3 a5 11. b3 Be7 12. Qe3 a4 13. c5 Nd5 14. Nxd5 Qxd5 15. b4 Ba6 16. Bxa6 Qxg2 17. Rf1 Rxa6 18. Bb2 Bg5 19. Qd3 Ra8 20. Ke2 Qxh2 21. Rad1 Rd8 22. Rh1 Qf4 23. Rxh7 Qg4+ 24. Ke1 Ke7 25. Bd4 g6 26. Rxh8 Rxh8 27. f3 Qg3+ 28. Bf2 Rh1+ 29. Ke2 Qxe5+ 30. Qe4 Qxe4+ 31. fxe4 Rxd1 32. Kxd1 Bf4 33. Ke2 Bc1 34. Be1 Bxa3 35. Kd3 Bb2 36. Bg3 Ke6 37. Bxc7 g5 38. Bg3 g4 39. Kc4 Be5 40. Bf2 Bh2 0-1

[Event "SLO-chT2 West"]
[Site "Komenda"]
[Date "2019.12.01"]
[Round "8.3"]
[White "Okorn, Nejc"]
[Black "Kozarski, Aleksander"]
[Result "1-0"]
[WhiteElo "1835"]
[BlackElo "1485"]
[PlyCount "87"]
[EventDate "2019.11.15"]
[EventType "team-tourn"]
[EventRounds "9"]
[EventCountry "SLO"]
[SourceTitle "EXT 2024"]
[Source "ChessBase"]
[SourceDate "2023.10.10"]
[SourceVersion "1"]
[SourceVersionDate "2023.10.10"]
[SourceQuality "1"]
[WhiteTeam "Vrhnika"]
[BlackTeam "Komenda SK"]
[WhiteTeamCountry "SLO"]
[BlackTeamCountry "SLO"]

1. e4 e5 2. Nf3 Nc6 3. Bc4 h6 4. d4 exd4 5. Nxd4 Bc5 6. Be3 Qf6 7. c3 Ne5 8. Nd2 Qg6 9. 0-0 d6 10. f4 Ng4 11. Qf3 N8f6 12. e5 dxe5 13. Bb5+ Kf8 14. Ne6+ fxe6 15. Bxc5+ Kg8 16. h3 e4 17. Qe2 Qf5 18. Bd4 h5 19. hxg4 hxg4 20. Bxf6 g3 21. Be8 Bd7 22. Bg5 Bxe8 23. Qxe4 Qc5+ 24. Qd4 Qc6 25. Ne4 Bf7 26. Nxg3 Qb5 27. b4 a5 28. a4 Qe8 29. b5 Rc8 30. Rad1 Kh7 31. Kf2 Rf8 32. Qe5 b6 33. Rd4 c6 34. Rd6 cxb5 35. axb5 Rc5 36. Qe4+ Bg6 37. f5 Rfxf5+ 38. Bf4 e5 39. Rh1+ Kg8 40. Ke1 Qxb5 41. Rd8+ Kf7 42. Qb7+ Ke6 43. Qc8+ Ke7 44. Qc7+ 1-0

[Event "SLO-chT2 West"]
[Site "Komenda"]
[Date "2019.12.01"]
[Round "9.2"]
[White "Okorn, Nejc"]
[Black "Muri, Emil"]
[Result "1/2-1/2"]
[WhiteElo "1835"]
[BlackElo "1816"]
[PlyCount "91"]
[EventDate "2019.11.15"]
[EventType "team-tourn"]
[EventRounds "9"]
[EventCountry "SLO"]
[SourceTitle "EXT 2024"]
[Source "ChessBase"]
[SourceDate "2023.10.10"]
[SourceVersion "1"]
[SourceVersionDate "2023.10.10"]
[SourceQuality "1"]
[WhiteTeam "Vrhnika"]
[BlackTeam "Prevodi Dvojka"]
[WhiteTeamCountry "SLO"]
[BlackTeamCountry "SLO"]

1. e4 e5 2. Nf3 Nc6 3. Bc4 Nf6 4. Ng5 d5 5. exd5 b5 6. dxc6 bxc4 7. Qe2 Qd5 8. 0-0 Bd6 9. Nc3 Qxc6 10. d4 cxd3 11. cxd3 0-0 12. Be3 Bb7 13. f3 h6 14. Nge4 Nxe4 15. Nxe4 f5 16. Nxd6 cxd6 17. Rac1 Qd7 18. d4 e4 19. Qc4+ d5 20. Qc7 Rf7 21. Qxd7 Rxd7 22. fxe4 fxe4 23. Rf2 Rc8 24. Rxc8+ Bxc8 25. Rc2 Bb7 26. Bf4 a6 27. Kf2 Kf7 28. Ke3 Kg8 29. b4 Kf7 30. a4 Ke8 31. b5 axb5 32. axb5 Kd8 33. Rf2 Rf7 34. g4 Ke8 35. h4 Bc8 36. g5 hxg5 37. hxg5 Rb7 38. Rb2 g6 39. b6 Rf7 40. Rh2 Kd7 41. Rh6 Rg7 42. Be5 Rg8 43. Rh2 Kc6 44. Bc7 Rf8 45. Rf2 Rxf2 46. Kxf2 1/2-1/2

[Event "Ljubljana-chT 69th Superliga"]
[Site "Ljubljana"]
[Date "2016.01.21"]
[Round "2.4"]
[White "Sivcevic, Nusret"]
[Black "Okorn, Nejc"]
[Result "1/2-1/2"]
[WhiteElo "1860"]
[BlackElo "1846"]
[PlyCount "95"]
[EventDate "2016.01.14"]
[EventType "team-tourn"]
[EventRounds "9"]
[EventCountry "SLO"]
[SourceTitle "EXT 2022"]
[Source "ChessBase"]
[SourceDate "2021.10.06"]
[SourceVersion "1"]
[SourceVersionDate "2021.10.06"]
[SourceQuality "1"]
[WhiteTeam "Klinicni Center"]
[BlackTeam "Vrhnika"]
[WhiteTeamCountry "SLO"]
[BlackTeamCountry "SLO"]

1. f4 d5 2. Nf3 Nf6 3. g3 Bf5 4. Bg2 e6 5. d3 c5 6. 0-0 Be7 7. Nh4 Bg6 8. f5 exf5 9. c4 Nc6 10. cxd5 Nxd5 11. Qb3 Nb6 12. Bxc6+ bxc6 13. Nxf5 0-0 14. Nxe7+ Qxe7 15. Rf2 Nd5 16. e4 Rab8 17. Qd1 Nb6 18. b3 Rbd8 19. Qc2 Qd6 20. Nd2 Qxd3 21. Qxc5 Bxe4 22. Bb2 Qd5 23. Qc3 f6 24. Rc1 Rc8 25. Re1 Bg6 26. Re7 Rf7 27. Rfe2 Nd7 28. Rxf7 Kxf7 29. Ba3 Ne5 30. Nc4 Qd1+ 31. Re1 Nf3+ 32. Kf2 Qxe1+ 33. Qxe1 Nxe1 34. Nd6+ Ke6 35. Nxc8 Nd3+ 36. Ke3 Ne5 37. Nxa7 Kd7 38. Bf8 Kc7 39. Bxg7 Nd7 40. b4 Kb7 41. b5 Kxa7 42. bxc6 Nb6 43. Kd4 f5 44. h3 Nc8 45. Kc5 Bf7 46. Be5 Bxa2 47. g4 fxg4 48. hxg4 1/2-1/2

[Event "SLO-chT Central 1st League 14th"]
[Site "Slovenia"]
[Date "2013.10.17"]
[Round "4.5"]
[White "Kovacic, Andrej"]
[Black "Okorn, Nejc"]
[Result "0-1"]
[WhiteElo "1815"]
[BlackElo "1842"]
[PlyCount "84"]
[EventDate "2013.09.19"]
[EventType "team-swiss"]
[EventRounds "9"]
[EventCountry "SLO"]
[SourceTitle "EXT 2022"]
[Source "ChessBase"]
[SourceDate "2021.10.06"]
[SourceVersion "1"]
[SourceVersionDate "2021.10.06"]
[SourceQuality "1"]

1. e4 e5 2. Bc4 Bc5 3. Nf3 Nc6 4. c3 Nf6 5. d3 d6 6. h3 Be6 7. Bxe6 fxe6 8. Bg5 0-0 9. 0-0 h6 10. Bh4 g5 11. Bg3 Nh5 12. d4 Nxg3 13. fxg3 exd4 14. cxd4 Bb6 15. Kh2 Qf6 16. Nc3 Nxd4 17. Nxd4 Qxd4 18. Qg4 Qc4 19. Rf3 Rxf3 20. gxf3 Kh7 21. h4 Rg8 22. h5 Qd4 23. Kh3 Qf2 24. Qxe6 Qxf3 25. Qf5+ Qxf5+ 26. exf5 Re8 27. Nd5 Kg7 28. Nxb6 axb6 29. b3 d5 30. g4 d4 31. Rd1 c5 32. Rd3 b5 33. a3 Rd8 34. Kg3 c4 35. bxc4 bxc4 36. Rd1 d3 37. Kf3 d2 38. Ke2 c3 39. Rb1 c2 40. Rxb7+ Kf8 41. Rb6 d1Q+ 42. Kf2 Qd4+ 0-1

[Event "SLO-chT 1st League Central"]
[Site "Ljubljana"]
[Date "2012.09.20"]
[Round "3.2"]
[White "Persl, Bojan"]
[Black "Okorn, Nejc"]
[Result "1-0"]
[WhiteElo "2088"]
[BlackElo "1843"]
[PlyCount "73"]
[EventDate "2012.09.06"]
[EventType "team-swiss"]
[EventRounds "9"]
[EventCountry "SLO"]
[SourceTitle "EXT 2019"]
[Source "ChessBase"]
[SourceDate "2018.10.10"]
[SourceVersion "1"]
[SourceVersionDate "2018.10.10"]
[SourceQuality "1"]
[WhiteTeam "Klinicni Center"]
[BlackTeam "Vrhnika"]
[WhiteTeamCountry "SLO"]
[BlackTeamCountry "SLO"]

1. e4 e5 2. Nf3 Nc6 3. Bb5 a6 4. Ba4 Be7 5. 0-0 b5 6. Bb3 Nf6 7. Re1 d6 8. c3 Bg4 9. h3 Bh5 10. d3 0-0 11. Nbd2 Na5 12. Bc2 c5 13. Nf1 c4 14. Ng3 Bg6 15. d4 Qc7 16. Nh4 Rad8 17. d5 Qd7 18. Nhf5 Rb8 19. Bg5 Nxd5 20. Qg4 Qd8 21. exd5 Bxg5 22. Re2 Be7 23. f4 Bf6 24. Nxg7 Bxg7 25. f5 h5 26. Qf3 Qg5 27. Rf1 Kh7 28. Ne4 Qd8 29. Ref2 Kh8 30. fxg6 fxg6 31. Qg3 Rxf2 32. Rxf2 Qe8 33. Ng5 Rb7 34. Ne6 Kh7 35. Qg5 Bh6 36. Qxh5 Re7 37. Bxg6+ 1-0

[Event "Ljubljana-chT 65th 1st League"]
[Site "Ljubljana"]
[Date "2012.03.01"]
[Round "6.2"]
[White "Okorn, Nejc"]
[Black "Novakovic, Perica"]
[Result "1/2-1/2"]
[WhiteElo "1836"]
[BlackElo "1826"]
[PlyCount "120"]
[EventDate "2012.01.12"]
[EventType "team-tourn"]
[EventRounds "9"]
[EventCountry "SLO"]
[SourceTitle "EXT 2022"]
[Source "ChessBase"]
[SourceDate "2021.10.06"]
[SourceVersion "1"]
[SourceVersionDate "2021.10.06"]
[SourceQuality "1"]
[WhiteTeam "Vrhnika"]
[BlackTeam "Zeleznicar"]
[WhiteTeamCountry "SLO"]
[BlackTeamCountry "SLO"]

1. e4 e5 2. Nf3 Nc6 3. Bc4 Bc5 4. c3 d6 5. d4 exd4 6. cxd4 Bb4+ 7. Bd2 Bxd2+ 8. Nbxd2 Bg4 9. Qb3 Na5 10. Bxf7+ Kf8 11. Qa4 Kxf7 12. Qxa5 h6 13. Qd5+ Be6 14. Qxb7 Nf6 15. Rc1 Ne8 16. 0-0 Rf8 17. d5 Bg4 18. h3 Bh5 19. Nd4 Rb8 20. Qxa7 Ra8 21. Qb7 Rb8 22. Qc6 Rxb2 23. Ne6 Qf6 24. Nxf8 Rxd2 25. Qc3 Qxc3 26. Rxc3 Kxf8 27. a4 Ra2 28. g4 Rxa4 29. gxh5 Rxe4 30. Rd1 Ke7 31. Kg2 Kd7 32. Re3 Rh4 33. Rde1 Nf6 34. Re7+ Kd8 35. Rxg7 Rxh5 36. Ra1 Kc8 37. Kg3 Rxd5 38. Rg6 Rf5 39. f4 h5 40. Kf3 Nd7 41. Rg5 Rf7 42. Rxh5 c5 43. Rd1 Kc7 44. Rh6 Nf6 45. h4 Kc6 46. Rg6 Nd5 47. Kg3 c4 48. h5 c3 49. h6 Rh7 50. Rh1 c2 51. Rc1 Nb4 52. Kf2 Kc5 53. f5 d5 54. Ke3 d4+ 55. Kd2 d3 56. f6 Kd4 57. Rg4+ Kc5 58. Rh4 Na2 59. Rg1 c1Q+ 60. Rxc1+ Nxc1 1/2-1/2

[Event "Ljubljana-chT 65th 1st League"]
[Site "Ljubljana"]
[Date "2012.02.09"]
[Round "4.2"]
[White "Okorn, Nejc"]
[Black "Bohorc, Edo"]
[Result "1/2-1/2"]
[WhiteElo "1836"]
[BlackElo "2080"]
[PlyCount "47"]
[EventDate "2012.01.12"]
[EventType "team-tourn"]
[EventRounds "9"]
[EventCountry "SLO"]
[SourceTitle "EXT 2022"]
[Source "ChessBase"]
[SourceDate "2021.10.06"]
[SourceVersion "1"]
[SourceVersionDate "2021.10.06"]
[SourceQuality "1"]
[WhiteTeam "Vrhnika"]
[BlackTeam "Bor Dob"]
[WhiteTeamCountry "SLO"]
[BlackTeamCountry "SLO"]

1. e4 e6 2. d4 d5 3. exd5 exd5 4. Bd3 Bd6 5. Ne2 Bg4 6. f3 Bh5 7. Bf4 Nf6 8. Bxd6 Qxd6 9. Ng3 0-0 10. Nxh5 Nxh5 11. c3 Re8+ 12. Kf2 Nf4 13. g3 Nxd3+ 14. Qxd3 Nd7 15. Nd2 c6 16. Rhe1 Nf8 17. Re3 Qh6 18. h4 Qxe3+ 19. Qxe3 Rxe3 20. Kxe3 Re8+ 21. Kf2 f6 22. Re1 Rxe1 23. Kxe1 Kf7 24. Ke2 1/2-1/2

[Event "SLO-chT Central Superliga 12th"]
[Site "Slovenia"]
[Date "2011.09.22"]
[Round "2.3"]
[White "Okorn, Nejc"]
[Black "Hiti, Domen"]
[Result "0-1"]
[WhiteElo "1840"]
[BlackElo "2005"]
[PlyCount "86"]
[EventDate "2011.09.08"]
[EventType "team-tourn"]
[EventRounds "7"]
[EventCountry "SLO"]
[SourceTitle "EXT 2022"]
[Source "ChessBase"]
[SourceDate "2021.10.06"]
[SourceVersion "1"]
[SourceVersionDate "2021.10.06"]
[SourceQuality "1"]
[WhiteTeam "Vrhnika"]
[BlackTeam "Ig"]
[WhiteTeamCountry "SLO"]
[BlackTeamCountry "SLO"]

1. e4 e6 2. d4 Be7 3. Nf3 b6 4. Nc3 Bb7 5. Bd3 d6 6. b3 Nd7 7. Bb2 Bf6 8. Bc4 Ne7 9. 0-0 0-0 10. Re1 a6 11. a4 g6 12. b4 Bg7 13. Rb1 Nc6 14. b5 axb5 15. Bxb5 e5 16. d5 Ne7 17. Na2 Nc5 18. c3 Nxe4 19. Nb4 Nc5 20. Ng5 h6 21. Ne4 Nxe4 22. Rxe4 f5 23. Re1 f4 24. f3 h5 25. Bd3 Nf5 26. Bxf5 Rxf5 27. c4 Qd7 28. Qc2 Qxa4 29. Qxa4 Rxa4 30. Bc3 Rf8 31. Ra1 Rfa8 32. Rxa4 Rxa4 33. Bd2 Kf7 34. g3 g5 35. h4 gxh4 36. gxf4 exf4 37. Re4 Be5 38. Nd3 Ra1+ 39. Kf2 Ra2 40. Ke1 h3 41. Re2 Bc8 42. Nxf4 Ra1+ 43. Kf2 h2 0-1

[Event "SLO-chT Central Superliga 10th"]
[Site "Slovenija"]
[Date "2009.09.17"]
[Round "1.2"]
[White "Rozic, Adrijan"]
[Black "Okorn, Nejc"]
[Result "1-0"]
[WhiteElo "2124"]
[BlackElo "1837"]
[PlyCount "133"]
[EventDate "2009.09.17"]
[EventType "team-tourn"]
[EventRounds "9"]
[EventCountry "SLO"]
[SourceTitle "EXT 2022"]
[Source "ChessBase"]
[SourceDate "2021.10.06"]
[SourceVersion "1"]
[SourceVersionDate "2021.10.06"]
[SourceQuality "1"]
[WhiteTeam "Ig"]
[BlackTeam "Vrhnika"]
[WhiteTeamCountry "SLO"]
[BlackTeamCountry "SLO"]

1. d4 d5 2. Nf3 Nf6 3. e3 e6 4. c4 c6 5. Nc3 Nbd7 6. Bd3 Bd6 7. Qe2 0-0 8. e4 dxc4 9. Bxc4 e5 10. 0-0 exd4 11. Nxd4 Ne5 12. Bb3 Bc5 13. Nf3 Bg4 14. Bg5 Qe7 15. Kh1 Rfd8 16. Rad1 h6 17. Bh4 Rxd1 18. Rxd1 Rd8 19. Rxd8+ Qxd8 20. h3 Bxf3 21. gxf3 Qd3 22. Bd1 Bd4 23. Bg3 Qxe2 24. Bxe2 b5 25. Kg2 Nh5 26. f4 Nxg3 27. fxg3 Nd7 28. Kf3 f6 29. h4 Kf7 30. Nd1 a6 31. Bd3 c5 32. b3 Nb6 33. Ne3 Bxe3 34. Kxe3 Ke6 35. g4 Kd6 36. Be2 Ke6 37. h5 Kd6 38. Kd3 Ke6 39. Kc3 Kd6 40. a3 Ke6 41. Kc2 Kd6 42. Kd2 Ke6 43. Ke3 Kd6 44. Bf3 c4 45. Bd1 Kc5 46. b4+ Kd6 47. Kd4 Nd7 48. a4 Ke6 49. a5 Kd6 50. Be2 Ke6 51. Bf1 Kd6 52. Bh3 Nb8 53. e5+ fxe5+ 54. fxe5+ Ke6 55. g5+ Ke7 56. gxh6 gxh6 57. Kd5 Nd7 58. Bf5 Nf8 59. Kc6 Ne6 60. Kb6 Nd4 61. Be4 c3 62. Kxa6 Ke6 63. Kb6 Kxe5 64. Bd3 Kd6 65. a6 Nc6 66. Kxb5 Kc7 67. Kc5 1-0

[Event "SLO-ch U16"]
[Site "Rogaska Slatina"]
[Date "2009.02.27"]
[Round "9"]
[White "Pahor, Ziga"]
[Black "Okorn, Nejc"]
[Result "1/2-1/2"]
[WhiteElo "1899"]
[BlackElo "1848"]
[PlyCount "27"]
[EventDate "2009.02.22"]
[EventType "swiss"]
[EventRounds "9"]
[EventCountry "SLO"]
[SourceTitle "CBM 129 Extra"]
[Source "ChessBase"]
[SourceDate "2009.05.05"]
[SourceVersion "2"]
[SourceVersionDate "2009.05.20"]
[SourceQuality "1"]

1. d4 d5 2. Nf3 Nf6 3. c4 e6 4. Nc3 c5 5. e3 Nc6 6. Be2 dxc4 7. Bxc4 cxd4 8. exd4 Bb4 9. 0-0 0-0 10. Bg5 Be7 11. Bf4 Bd6 12. Bg5 Be7 13. Bf4 Nh5 14. Be5 1/2-1/2

[Event "SLO-ch U16"]
[Site "Rogaska Slatina"]
[Date "2009.02.26"]
[Round "8"]
[White "Okorn, Nejc"]
[Black "Janzelj, Tim"]
[Result "0-1"]
[WhiteElo "1848"]
[BlackElo "1924"]
[PlyCount "93"]
[EventDate "2009.02.22"]
[EventType "swiss"]
[EventRounds "9"]
[EventCountry "SLO"]
[SourceTitle "CBM 129 Extra"]
[Source "ChessBase"]
[SourceDate "2009.05.05"]
[SourceVersion "2"]
[SourceVersionDate "2009.05.20"]
[SourceQuality "1"]

1. e4 d6 2. d4 Nf6 3. Nc3 e5 4. dxe5 dxe5 5. Qxd8+ Kxd8 6. Bg5 Nbd7 7. 0-0-0 Bd6 8. Bc4 Ke8 9. f3 a6 10. Nge2 h6 11. Be3 b5 12. Bb3 Nc5 13. Bd5 Nxd5 14. Nxd5 Nb7 15. Rd2 Be6 16. f4 f6 17. f5 Bf7 18. a3 Rd8 19. b4 a5 20. c3 c6 21. Bb6 Ra8 22. Nc7+ Bxc7 23. Bxc7 axb4 24. cxb4 Rxa3 25. Rhd1 Ra1+ 26. Kb2 Rxd1 27. Rxd1 Bh5 28. Ra1 Kd7 29. Ng3 Kxc7 30. Nxh5 Rg8 31. Ra3 Nd6 32. Ra7+ Kb6 33. Rxg7 Rxg7 34. Nxg7 Nxe4 35. Ne8 c5 36. bxc5+ Kxc5 37. Kc2 Kc4 38. g4 b4 39. h4 Kd4 40. Kb3 Ke3 41. Kxb4 Kf4 42. g5 fxg5 43. hxg5 Kxg5 44. Ng7 Kf6 45. Kc4 Kxg7 46. Kd5 Kf6 47. Kxe4 0-1

[Event "SLO-ch U16"]
[Site "Rogaska Slatina"]
[Date "2009.02.24"]
[Round "4"]
[White "Grosar, Gari"]
[Black "Okorn, Nejc"]
[Result "1/2-1/2"]
[WhiteElo "1879"]
[BlackElo "1848"]
[PlyCount "68"]
[EventDate "2009.02.22"]
[EventType "swiss"]
[EventRounds "9"]
[EventCountry "SLO"]
[SourceTitle "CBM 129 Extra"]
[Source "ChessBase"]
[SourceDate "2009.05.05"]
[SourceVersion "2"]
[SourceVersionDate "2009.05.20"]
[SourceQuality "1"]

1. e4 e5 2. Nf3 Nc6 3. d4 exd4 4. Bc4 Nf6 5. e5 d5 6. Bb5 Ne4 7. Nxd4 Bd7 8. Bxc6 bxc6 9. 0-0 Bc5 10. f3 Ng5 11. Be3 Ne6 12. Kh1 Bb6 13. c3 0-0 14. f4 Nxd4 15. cxd4 f6 16. Nc3 Qe7 17. Qd2 Be6 18. f5 Bc8 19. e6 g6 20. Rf3 Kh8 21. g4 gxf5 22. gxf5 Rg8 23. Rg1 Bb7 24. Rfg3 Rxg3 25. Rxg3 Rg8 26. Rxg8+ Kxg8 27. Qg2+ Qg7 28. Qxg7+ Kxg7 29. b4 c5 30. bxc5 Bxc5 31. Kg1 Bb6 32. Na4 Ba6 33. Nb2 Be2 34. h3 Bf3 1/2-1/2

[Event "Ljubljana-chT"]
[Site "Gostovanja"]
[Date "2009.02.19"]
[Round "7.3"]
[White "Crepan, Marjan"]
[Black "Okorn, Nejc"]
[Result "1-0"]
[WhiteElo "2315"]
[BlackElo "1848"]
[PlyCount "59"]
[EventDate "2009.01.08"]
[EventType "team-tourn"]
[EventRounds "9"]
[EventCountry "SLO"]
[SourceTitle "EXT 2011"]
[Source "ChessBase"]
[SourceDate "2010.11.26"]
[SourceVersion "1"]
[SourceVersionDate "2010.11.26"]
[SourceQuality "1"]

1. e4 e5 2. Nf3 Nc6 3. d4 exd4 4. Bc4 Nf6 5. 0-0 Bc5 6. e5 d5 7. exf6 dxc4 8. Re1+ Be6 9. Ng5 Qxf6 10. Nxe6 fxe6 11. Qh5+ Kd7 12. Qxc5 Rhf8 13. f3 d3 14. Re4 Qg6 15. Rg4 Qf6 16. Nc3 Rf7 17. Rxc4 dxc2 18. Ne4 Qg6 19. Qb5 Raf8 20. Qxb7 e5 21. Nc5+ Kd6 22. Ne4+ Kd7 23. Bg5 h6 24. Rxc2 hxg5 25. Rd1+ Nd4 26. Rxd4+ exd4 27. Qxc7+ Ke6 28. Rc6+ Kf5 29. Rc5+ Ke6 30. Re5# 1-0

[Event "SLO-ch U14"]
[Site "Postojna"]
[Date "2008.02.26"]
[Round "4"]
[White "Flander, Nejc"]
[Black "Okorn, Nejc"]
[Result "1/2-1/2"]
[WhiteElo "1812"]
[BlackElo "1815"]
[PlyCount "77"]
[EventDate "2008.02.24"]
[EventType "swiss"]
[EventRounds "9"]
[EventCountry "SLO"]
[SourceTitle "EXT 2010"]
[Source "ChessBase"]
[SourceDate "2010.11.25"]
[SourceVersion "1"]
[SourceVersionDate "2010.11.25"]
[SourceQuality "1"]

1. e4 e5 2. Nc3 Nf6 3. f4 d5 4. fxe5 Nxe4 5. Nf3 Be7 6. d3 Nxc3 7. bxc3 0-0 8. Be2 f6 9. exf6 Bxf6 10. d4 c5 11. Ba3 Nd7 12. 0-0 Re8 13. Bb5 c4 14. Kh1 Qa5 15. Bxd7 Bxd7 16. Bb4 Qc7 17. Qd2 Bf5 18. Ne5 Be4 19. Ng4 Be7 20. Bxe7 Qxe7 21. Rae1 Rf8 22. Rf3 Rxf3 23. gxf3 Bxf3+ 24. Kg1 Qh4 25. Ne5 Be4 26. Qf2 Qxf2+ 27. Kxf2 Rf8+ 28. Kg3 Rf5 29. Nxc4 Rf3+ 30. Kg4 Rxc3 31. Ne3 Ra3 32. c4 Rxa2 33. cxd5 Rd2 34. Kf4 Rxd4 35. Ke5 Ra4 36. Rc1 Bxd5 37. Nxd5 b5 38. Nf4 Rc4 39. Rd1 1/2-1/2

[Event "SLO-ch U14"]
[Site "Murska Sobota"]
[Date "2007.03.02"]
[Round "9"]
[White "Okorn, Nejc"]
[Black "Petrovcic, Gregor"]
[Result "1/2-1/2"]
[WhiteElo "1540"]
[BlackElo "1500"]
[PlyCount "117"]
[EventDate "2007.02.25"]
[EventType "swiss"]
[EventRounds "9"]
[EventCountry "SLO"]
[SourceTitle "CBM 117 Extra"]
[Source "ChessBase"]
[SourceDate "2007.05.09"]
[SourceVersion "1"]
[SourceVersionDate "2007.05.09"]
[SourceQuality "1"]

1. e4 e5 2. Nf3 Nc6 3. Bc4 Nf6 4. Ng5 d5 5. exd5 Na5 6. Bb5+ c6 7. dxc6 bxc6 8. Be2 e4 9. d3 exd3 10. Qxd3 Qxd3 11. Bxd3 Bd6 12. Nf3 0-0 13. 0-0 Bg4 14. Nbd2 Rfe8 15. b3 Nb7 16. Bb2 Bxf3 17. Nxf3 Ng4 18. Rae1 f6 19. Bf5 Nh6 20. Bd7 Rxe1 21. Rxe1 Nd8 22. Be6+ Nxe6 23. Rxe6 Rd8 24. Re3 Bc5 25. Rd3 Rxd3 26. cxd3 Bb6 27. Bd4 c5 28. Be3 Nf5 29. g4 Ne7 30. d4 cxd4 31. Bxd4 Bxd4 32. Nxd4 Kf7 33. Kf1 Nc8 34. Ke2 Ke7 35. Kd3 g6 36. Nb5 Kd7 37. Kc4 a6 38. Nd4 Kd6 39. f4 Nb6+ 40. Kd3 Nd5 41. f5 Nb4+ 42. Kc4 Nxa2 43. fxg6 hxg6 44. b4 g5 45. Ne2 Ke5 46. Kb3 Nxb4 47. Kxb4 f5 48. gxf5 Kxf5 49. Ng3+ Kf4 50. Ka5 g4 51. Kxa6 Kf3 52. Kb5 Kg2 53. Kc4 Kxh2 54. Nf5 Kg2 55. Kd3 Kf3 56. Nh4+ Kf4 57. Ke2 g3 58. Ng2+ Kg4 59. Ne3+ 1/2-1/2

[Event "SLO-ch U12"]
[Site "Murska Sobota"]
[Date "2006.02.26"]
[Round "1"]
[White "Drnovsek, Gal"]
[Black "Okorn, Nejc"]
[Result "1/2-1/2"]
[WhiteElo "1584"]
[BlackElo "1500"]
[PlyCount "108"]
[EventDate "2006.02.26"]
[EventType "swiss"]
[EventRounds "9"]
[EventCountry "SLO"]
[SourceTitle "EXT 2009"]
[Source "ChessBase"]
[SourceDate "2008.11.26"]
[SourceVersion "1"]
[SourceVersionDate "2008.11.26"]
[SourceQuality "1"]

1. e4 e5 2. Nf3 Nc6 3. Bc4 Bc5 4. d3 Nf6 5. Nc3 d6 6. h3 0-0 7. Bg5 h6 8. Bh4 Be6 9. Bb3 Nd4 10. Nxd4 Bxd4 11. Qf3 g5 12. Bg3 Bxb3 13. axb3 c6 14. Qf5 Kg7 15. h4 Qd7 16. hxg5 Qxf5 17. gxh6+ Kg6 18. exf5+ Kxf5 19. f3 Kg6 20. Bf2 Bxf2+ 21. Kxf2 Rh8 22. Na4 Nd7 23. Nc3 Nf6 24. Ne4 Nxe4+ 25. dxe4 Rxh6 26. Rxh6+ Kxh6 27. Ke3 Kg6 28. g3 a6 29. b4 Kf6 30. Rh1 Kg7 31. b3 Rh8 32. Rxh8 Kxh8 33. c4 b6 34. Kd3 Kg7 35. Kc3 Kf6 36. b5 axb5 37. cxb5 c5 38. Kd3 Ke7 39. Kc3 Kd7 40. f4 exf4 41. gxf4 Ke7 42. Kd3 Kf6 43. Kc3 Ke7 44. b4 Kd7 45. f5 Ke7 46. bxc5 dxc5 47. e5 Kd7 48. Kc4 Ke7 49. Kd5 Kd7 50. Kc4 Ke7 51. Kd3 Kd8 52. Ke3 Ke8 53. Ke4 Ke7 54. Kd5 Kd7 1/2-1/2